|
|
|
|
| LEADER |
00000 a2200000 4500 |
| 001 |
RU/ROS-EDU.RU/105795 |
| 856 |
4 |
|
|u https://www.ros-edu.ru/book?id=105795
|z Перейти к просмотру издания
|
| 010 |
|
|
|a 978-5-209-09181-3
|
| 100 |
|
|
|a 20190101d2019 |||y0rusy0250
|
| 105 |
|
|
|a y z 000zy
|
| 101 |
0 |
|
|a rus
|
| 102 |
|
|
|a RU
|
| 200 |
1 |
|
|a Зоология позвоночных животных
|b Электронный ресурс
|e Учебно-методическое пособие
|f И. И. Лизунова, Е. П. Титова, Е. В. Анохина
|
| 700 |
|
1 |
|b И. И.
|a Лизунова
|4 070
|
| 701 |
|
1 |
|b Е. П.
|a Титова
|4 070
|
| 701 |
|
1 |
|b Е. В.
|a Анохина
|4 070
|
| 330 |
|
|
|a В пособии представлен дидактический материал по основным разделам зоологии позвоночных курса биологии для иностранных слушателей факультета русского языка и общеобразовательных дисциплин, обучающихся по специальностям «Лечебное дело», «Стоматология», «Фармация», «Агрономия», «Ветеринария». Подготовлено на кафедре химии и биологии ФРЯ и ОД.
|
| 210 |
|
|
|a Москва
|c Российский университет дружбы народов
|d 2019
|
| 610 |
1 |
|
|a биология
|
| 610 |
1 |
|
|a зоология
|
| 610 |
1 |
|
|a позвоночное животное
|
| 610 |
1 |
|
|a рыбы
|
| 610 |
1 |
|
|a лягушка
|
| 610 |
1 |
|
|a ящерица
|
| 610 |
1 |
|
|a птица
|
| 610 |
1 |
|
|a голубь
|
| 610 |
1 |
|
|a кролик
|
| 675 |
|
|
|a 597/599
|
| 686 |
|
|
|a 28.6
|2 rubbk
|
| 300 |
|
|
|a Книга находится в премиум-версии платформы «Русский как иностранный».
|
| 215 |
|
|
|a 56 с.
|